LEADER 01110nas 2200385 c 450 001 996206840403316 005 20230110172906.0 011 $a2392-0041 035 $a(CKB)2670000000140878 035 $a(OCoLC)873898599 035 $a(DE-101)1020168366 035 $a(DE-599)ZDB2652742-X 035 $a(EXLCZ)992670000000140878 100 $a20120227a20119999 |y | 101 0 $apol 135 $aur||||||||||| 181 $ctxt$2rdacontent 182 $cc$2rdamedia 183 $acr$2rdacarrier 200 10$aPrace naukowe Uniwersytetu Ekonomicznego we Wroc?awiu$e= Research papers of Wroc?aw University of Economics 210 31$aWroc?aw$cWydawn. Uniw. Ekonomicznego$aFrankfurt, Main$cCEEOL$d2011- 215 $aOnline-Ressource 311 $a1899-3192 608 $aMonografische Reihe$2gnd-content 676 $a300 676 $a330 676 $a360 676 $a650 801 0$b0012 801 1$bDE-101 801 2$b9999 906 $aJOURNAL 912 $a996206840403316 996 $aPrace naukowe Uniwersytetu Ekonomicznego we Wroc?awiu$92233933 997 $aUNISA LEADER 00903nam0 22002531i 450 001 UON00064809 005 20231205102325.337 100 $a20020107d1950 |0itac50 ba 101 $aurd 102 $aPK 105 $a|||| 1|||| 200 1 $aBaqiyat-e Fani$fBadayuni Fani 210 $aKarachi$cMihrab-e Adab$d1950 215 $a192 p.$d18 cm 620 $aPK$dKarachi$3UONL000094 686 $aSI VI DB$cSUBCONT. INDIANO - LETTERATURA URDU - MEDIEVALE$2A 700 1$aFANI$bBadayuni$3UONV041550$0656837 712 $aMihrab-e Adab$3UONV256506$4650 801 $aIT$bSOL$c20240220$gRICA 899 $aSIBA - SISTEMA BIBLIOTECARIO DI ATENEO$2UONSI 912 $aUON00064809 950 $aSIBA - SISTEMA BIBLIOTECARIO DI ATENEO$dSI SI VI DB 059 $eSI MR 68170 5 059 996 $aBaqiyat-e Fani$91170829 997 $aUNIOR